Famous Robert's by Picture - Statistics

General Stats
  • This quiz has been taken 96 times
  • The average score is 8 of 11
Answer Stats
Picture Answer % Correct
Julia Roberts
93%
Robert De Niro
87%
Robert Downey Jr.
87%
Robert Redford
78%
Robert Pattinson
75%
SpongeBob Squarepants
75%
Robin
74%
Margot Robbie
63%
Robert Duvall
59%
Jackie Robinson
47%
Boba Fett
29%
No matching quizzes found
Score Distribution
Percent of People with Each Score
Percentile by Number Answered
Your Score History
You have not taken this quiz